|
|
|
|
| LEADER |
00000cam a22000004a 4500 |
| 001 |
musev2_68901 |
| 003 |
MdBmJHUP |
| 005 |
20230905051125.0 |
| 006 |
m o d |
| 007 |
cr||||||||nn|n |
| 008 |
081112s2008 ncu o 00 0 eng d |
| 020 |
|
|
|a 9780822390640
|
| 020 |
|
|
|z 9780822340751
|
| 020 |
|
|
|z 9780822340546
|
| 035 |
|
|
|a (OCoLC)1139390438
|
| 040 |
|
|
|a MdBmJHUP
|c MdBmJHUP
|
| 100 |
1 |
|
|a Jackson, Michael,
|d 1940-
|e author.
|
| 245 |
1 |
0 |
|a Excursions /
|c Michael Jackson.
|
| 264 |
|
1 |
|a Durham :
|b Duke University Press,
|c 2007.
|
| 264 |
|
3 |
|a Baltimore, Md. :
|b Project MUSE,
|c 2020
|
| 264 |
|
4 |
|c ©2007.
|
| 300 |
|
|
|a 1 online resource (324 pages).
|
| 336 |
|
|
|a text
|b txt
|2 rdacontent
|
| 337 |
|
|
|a computer
|b c
|2 rdamedia
|
| 338 |
|
|
|a online resource
|b cr
|2 rdacarrier
|
| 505 |
0 |
|
|a Preface: theme and variations -- In the footsteps of Walter Benjamin -- Of time and the river : the interface of history and human lives -- Imagining the powers that be : society versus the state -- On the work of human hands -- Storytelling events, violence, and the appearance of the past -- Migrant imaginaries : with Sewa Koroma in southeast London -- A walk on the wild side : the idea of human nature revisited -- From anxiety to method : a reappraisal -- Despite Babel : an essay on human misunderstanding -- On birth, death, and rebirth -- Quandaries of belonging : home thoughts from abroad -- A critique of colonial reason.
|
| 520 |
|
|
|a Philosophical meditations on a series of journeys the author has taken to various places around the world.
|
| 588 |
|
|
|a Description based on print version record.
|
| 650 |
|
7 |
|a Philosophy, Modern.
|2 fast
|0 (OCoLC)fst01061071
|
| 650 |
|
7 |
|a Intellectual life.
|2 fast
|0 (OCoLC)fst00975769
|
| 650 |
|
0 |
|a Intellectual life
|y 20th century.
|
| 650 |
|
0 |
|a Philosophy, Modern
|y 20th century.
|
| 655 |
|
7 |
|a Electronic books.
|2 local
|
| 710 |
2 |
|
|a Project Muse.
|e distributor
|
| 830 |
|
0 |
|a Book collections on Project MUSE.
|
| 856 |
4 |
0 |
|z Texto completo
|u https://projectmuse.uam.elogim.com/book/68901/
|
| 945 |
|
|
|a Project MUSE - Custom Collection
|